|
|
|
|
| LEADER |
00000cam a2200000 7i4500 |
| 001 |
0000012559 |
| 005 |
20080129.0 |
| 008 |
071224 |
| 020 |
|
|
|a 9832565499
|
| 090 |
0 |
0 |
|a 297.18
|b MOH
|
| 100 |
0 |
|
|a Mohd Najib Iskandar
|
| 245 |
1 |
0 |
|a Pemuda dalam kubah & 88 kisah teladan
|c Mohd Najib Iskandar
|
| 260 |
|
|
|a Kuala Lumpur :
|b Jasmin Enterprise ,
|c 2003
|
| 650 |
|
0 |
|a Islamic parables
|
| 650 |
|
0 |
|a Islamic stories
|x Malay
|
| 650 |
|
0 |
|a Parables
|
| 999 |
|
|
|a 0001005712
|b Book
|c Adult Collection
|e Perbadanan Perpustakaan Awam Johor
|
| 999 |
|
|
|a 0001005713
|b Book
|c Adult Collection
|e Perbadanan Perpustakaan Awam Johor
|
| 999 |
|
|
|a 0001007685
|b Book
|c Adult Collection
|e Cawangan Batu Pahat
|
| 999 |
|
|
|a 0001007686
|b Book
|c Adult Collection
|e Perbadanan Perpustakaan Awam Johor
|
| 999 |
|
|
|a 0001007687
|b Book
|c Adult Collection
|e Cawangan AEON Kulaijaya
|